| 000 | 00379 a2200133 4500 | ||
|---|---|---|---|
| 003 | OSt | ||
| 005 | 20180116182715.0 | ||
| 008 | 160816b xxu||||| |||| 00| 0 eng d | ||
| 040 | _c0 | ||
| 100 | _aSohail Mahmood | ||
| 245 | _aThe Development Debate in India and Pakistan Myth and Reality | ||
| 260 |
_aProgressive Publishers Pakistan. _c1989 |
||
| 942 |
_aNBS _cBK _k954.911 SOH _2ddc |
||
| 999 |
_c344528 _d344528 |
||